banner koha

Influencia do tempo de imersao em Ethion sobre teleoginas de Boophilus microplus (Canestrini, 1887) (Registro n. 15640)

MARC details
000 -LÍDER
campo de controle de tamanho fixo 00933nam a22002657a 4500
001 - NÚMERO DE CONTROLE
campo de controle BR7301505
003 - IDENTIFICADOR DO NÚMERO DE CONTROLE
campo de controle BR-BrBNA
005 - DATA E HORÁRIO DA ÚLTIMA TRANSAÇÃO
campo de controle 20230928083857.0
007 - CAMPO FIXO DE DESCRIÇÃO FÍSICA--INFORMAÇÃO GERAL
campo de controle de tamanho fixo ta
008 - CAMPO DE DADOS FIXOS--INFORMAÇÃO GERAL
campo de controle de tamanho fixo 230509b bl.||||| |||| 00| 0 por d
040 ## - FONTE DA CATALOGAÇÃO
Instituição da catalogação original BR-BrBNA
Idioma da catalogação por
Instituição que transcreveu o registro Biblioteca Nacional de Agricultura
041 ## - CÓDIGO DE IDIOMA
Código do idioma do texto/trilha sonora ou título diferente (Por)
072 ## - CÓDIGO DE CATEGORIA DE ASSUNTO
Código de Categoria de Assunto L72
Código do objeto 4030
090 ## - NÚMERO DE CHAMADA LOCAL
-- 4030 BR7301505
100 1# - ENTRADA PRINCIPAL--NOME PESSOAL
Nome pessoal Carvalho, L.A.F.
110 1# - ENTRADA PRINCIPAL--NOME CORPORATIVO
Nome corporativo ou nome da jurisdição Universidade Federal do Rio Grande do Sul, Porto Alegre (Brasil). Faculdade de Veterinaria
Grau Universitário Tese (Magister Scientiae)
9 (RLIN) 11169
245 1# - TÍTULO
Título Influencia do tempo de imersao em Ethion sobre teleoginas de Boophilus microplus (Canestrini, 1887)
260 3# - PUBLICAÇÃO, DISTRIBUIÇÃO, ETC.
Local de publicação, distribuição, etc. Porto Alegre, RS (Brasil):
Data da publicação, distribuição, etc. 1974.
300 ## - DESCRIÇÃO FÍSICA
Extensão 27 p.
500 ## - NOTA GERAL
Nota geral 8 illus; 7 ref. (*) Documento disponível na(o) UFRGS, Porto Alegre (Brazil). Faculdade de Veterinaria
650 ## - ASSUNTO--TERMO TÓPICO
Cabeçalho tópico ou nome geográfico Carrapato
650 ## - ASSUNTO--TERMO TÓPICO
Cabeçalho tópico ou nome geográfico Imersao
909 ## -
-- 202309
-- Lucia
-- 55
-- Lucia Elande
942 ## - ELEMENTOS DE ENTRADA ADICIONADOS (KOHA)
Tipo de material Koha Livros
Exemplares
Situação do descarte Fonte da classificação ou esquema de arquivamento na estante Situação física Não pode ser emprestado Biblioteca de origem Biblioteca atual Total de empréstimos Data de último acesso Número do exemplar Tipo de material Koha Nota pública Situação das perdas Data de aquisição Fonte de aquisição Qualificador de local codificado Custo, preço normal de compra Número do inventário Custo, preço de reposição Preço efetivo de
  Classificação AGRIS   INDISPONÍVEL Biblioteca Nacional de Agricultura - Binagri Biblioteca Nacional de Agricultura - Binagri   25/09/2023 01 Livros (*) Documento disponível na(o) UFRGS, Porto Alegre (Brazil). Faculdade de Veterinaria Em falta 2023-09-25 Portaria Interministerial nº 164/94          

BINAGRI

Telefone: (61)3218-2567/2388/3357/2097 - binagri@agro.gov.br

Ministério da Agricultura e Pecuária , Esplanada dos Ministérios, Bloco D, Anexo B, Brasília/DF, CEP: 70.043-900